Größte Schweizer Kantone - Statistiken

Allgemein
  • Dieses Quiz wurde 43 mal gespielt
  • Das Durchschnittsergebnis liegt bei 9 aus 12
Antwortstatistiken
Größe Kantone % Korrekt
5,960 Berne
100%
7,105 Graubünden
95%
1,729 Zürich
95%
5,224 Wallis
92%
1,404 Aargau
87%
1,494 Luzern
82%
2,031 St. Gallen
82%
992 Thurgau
82%
1,077 Uri
77%
1,671 Freiburg
74%
3,212 Vaud
38%
2,812 Ticino
33%
Keine übereinstimmenden Quizze gefunden
Verteilung der Resultate
Anzahl Personen mit jedem Resultat
Perzentil nach korrekt beantworteten Fragen
Ihre Resultats-Entwicklung
Sie haben dieses Quiz noch nicht gespielt